000 00533nam a22001817a 4500
005 20251108172853.0
008 250721s2003 xx 000 0 ara d
082 1 4 _a216.94/منا
100 1 _aمناع، هيثم
245 1 0 _aالإسلام و القانون الإنساني الدولي /
264 1 _aجدة :
_bمراكز الراية،
_c2003.
300 _a176 ص
650 1 7 _aالإسلام
650 1 7 _aالنظام القضائي
650 1 7 _aالقانون الدولي
942 _2ddc
_cBK
999 _c90506
_d90506